|
|
|
|
| LEADER |
00596nam a2200169Ia 4500 |
| 001 |
148532 |
| 008 |
170722s9999 xx 000 0 und d |
| 100 |
|
|
|a Puri, Madhumita
|
| 245 |
|
|
|a Handbook of inclusive education for educators, administrators and planners /
|
| 260 |
|
|
|b New Delhi ,
|c Sage.
|
| 300 |
|
|
|a 2004 p.
|
| 490 |
|
|
|a p.309,Rs.40/-
|
| 700 |
|
|
|a Abraham , George
|
| 923 |
|
|
|d 20060930
|n MBC-1379/0
|
| 942 |
|
|
|c GEN
|
| 999 |
|
|
|c 133460
|d 133460
|
| 952 |
|
|
|0 0
|1 0
|4 0
|6 T_6_000000000000000_P41
|7 0
|9 188472
|a LIB
|b LIB
|d 2013-03-25
|e Modern Book Centre
|l 3
|o T6 P4;1
|p 261984
|r 2019-11-26
|s 2019-10-25
|w 2017-08-12
|y GEN
|